<?xml version="1.0" encoding="UTF-8"?>
<record
    xmlns:xsi="http://www.w3.org/2001/XMLSchema-instance"
    xsi:schemaLocation="http://www.loc.gov/MARC21/slim http://www.loc.gov/standards/marcxml/schema/MARC21slim.xsd"
    xmlns="http://www.loc.gov/MARC21/slim">

  <leader>01662njm a2200337Ia 4500</leader>
  <controlfield tag="001">25589</controlfield>
  <controlfield tag="003">IT-RoPAU</controlfield>
  <controlfield tag="005">20220918181118.0</controlfield>
  <controlfield tag="008">131025s9999    xx            000 0 und d</controlfield>
  <datafield tag="040" ind1=" " ind2=" ">
    <subfield code="a">IT-RoPAU</subfield>
  </datafield>
  <datafield tag="040" ind1=" " ind2=" ">
    <subfield code="c">IT-RoPAU</subfield>
  </datafield>
  <datafield tag="999" ind1=" " ind2=" ">
    <subfield code="c">99554</subfield>
    <subfield code="d">99554</subfield>
  </datafield>
  <datafield tag="999" ind1=" " ind2=" ">
    <subfield code="b">n.d.</subfield>
  </datafield>
  <datafield tag="100" ind1=" " ind2=" ">
    <subfield code="a">AA.VV.</subfield>
    <subfield code="9">794</subfield>
  </datafield>
  <datafield tag="100" ind1=" " ind2=" ">
    <subfield code="e">Autore musica</subfield>
    <subfield code="9">12251</subfield>
  </datafield>
  <datafield tag="100" ind1=" " ind2=" ">
    <subfield code="g">Codice autore musica SPICS: 12000</subfield>
    <subfield code="9">796</subfield>
  </datafield>
  <datafield tag="245" ind1=" " ind2=" ">
    <subfield code="a"> Bleu Shadow "Ho incontrato un'ombra"</subfield>
  </datafield>
  <datafield tag="250" ind1=" " ind2=" ">
    <subfield code="a">1a ed.</subfield>
  </datafield>
  <datafield tag="260" ind1=" " ind2=" ">
    <subfield code="a">MILANO</subfield>
  </datafield>
  <datafield tag="260" ind1=" " ind2=" ">
    <subfield code="b">RICORDI</subfield>
    <subfield code="c">1974 [1a Ed.:1974 - Ed. Lingua Orig.: 1974]</subfield>
  </datafield>
  <datafield tag="300" ind1=" " ind2=" ">
    <subfield code="a">DISCO</subfield>
  </datafield>
  <datafield tag="500" ind1=" " ind2=" ">
    <subfield code="a">Canzone. Musica strumentale.</subfield>
  </datafield>
  <datafield tag="505" ind1=" " ind2=" ">
    <subfield code="a">A Blue Shadow - Tema di Silvia - From Left To Right - Amarcord - Blue Grass - Tema di Katerine - La grande bouffe - Ballad For Oscar - Tema dell'edera (sigla dello sceneggiato tv l"'Edera") - Let Me Try Again - Un assurdo amore</subfield>
  </datafield>
  <datafield tag="650" ind1=" " ind2=" ">
    <subfield code="a">CANZONE [DISCHI]</subfield>
    <subfield code="e">Codice MATERIA SPICS: 9950</subfield>
    <subfield code="9">920</subfield>
  </datafield>
  <datafield tag="700" ind1=" " ind2=" ">
    <subfield code="a">Pisano Berto</subfield>
    <subfield code="g">Codice interprete SPICS: 11594</subfield>
    <subfield code="e">Interprete</subfield>
    <subfield code="9">12252</subfield>
  </datafield>
  <datafield tag="700" ind1=" " ind2=" ">
    <subfield code="a">Grano R.</subfield>
    <subfield code="g">Codice autore musica SPICS: 15873</subfield>
    <subfield code="e">Autore musica</subfield>
    <subfield code="p">A Blue Shadow - Tema di Silvia - Tema di Katerine - Tema dell'edera</subfield>
    <subfield code="9">12253</subfield>
  </datafield>
  <datafield tag="700" ind1=" " ind2=" ">
    <subfield code="a">Pisano Junior</subfield>
    <subfield code="g">Codice autore musica SPICS: 15874</subfield>
    <subfield code="e">Autore musica</subfield>
    <subfield code="p">From Left To Right - Blue Grass - Tema di Katerine - Ballad For Oscar - Tema dell'edera - Un assurdo amore</subfield>
    <subfield code="9">12254</subfield>
  </datafield>
  <datafield tag="700" ind1=" " ind2=" ">
    <subfield code="a">Rota Nino</subfield>
    <subfield code="g">Codice autore musica SPICS: 11128</subfield>
    <subfield code="e">Autore musica</subfield>
    <subfield code="p">Amarcord</subfield>
    <subfield code="9">12255</subfield>
  </datafield>
  <datafield tag="700" ind1=" " ind2=" ">
    <subfield code="a">Sarde Philippe</subfield>
    <subfield code="g">Codice autore musica SPICS: 11145</subfield>
    <subfield code="e">Autore musica</subfield>
    <subfield code="p">La grande bouffe</subfield>
    <subfield code="9">12256</subfield>
  </datafield>
  <datafield tag="700" ind1=" " ind2=" ">
    <subfield code="a">Caravelli</subfield>
    <subfield code="g">Codice autore musica SPICS: 7929</subfield>
    <subfield code="e">Autore musica</subfield>
    <subfield code="p">Let Me Try Again</subfield>
    <subfield code="9">12257</subfield>
  </datafield>
  <datafield tag="942" ind1=" " ind2=" ">
    <subfield code="c">MD</subfield>
    <subfield code="2">ddc</subfield>
  </datafield>
  <datafield tag="952" ind1=" " ind2=" ">
    <subfield code="0">0</subfield>
    <subfield code="1">0</subfield>
    <subfield code="4">0</subfield>
    <subfield code="6">25589_000000000000000</subfield>
    <subfield code="7">1</subfield>
    <subfield code="a">SPICS</subfield>
    <subfield code="b">SPICS</subfield>
    <subfield code="d">2013-10-25</subfield>
    <subfield code="l">0</subfield>
    <subfield code="o">25589</subfield>
    <subfield code="r">2013-10-25 00:00:00</subfield>
    <subfield code="w">2013-10-25</subfield>
    <subfield code="y">MD</subfield>
    <subfield code="z">Progr. Ins.: 5463 / N.Vol.: 1 / Copie: 1 - Copia rara: n.d. / date import: 01.01.2014 - By Epidotti, Trombetti, Vaglietti</subfield>
  </datafield>
</record>
